| 000 | 00649nam a2200253 a 4500 | ||
|---|---|---|---|
| 999 |
_c5237 _d5237 |
||
| 001 | 5237 | ||
| 003 | BD-JhCC | ||
| 005 | 20171213094632.0 | ||
| 008 | 171211s1990 bg ||||| |||| 00| 0 eng d | ||
| 020 | _a0198327463 | ||
| 035 | _a(BD-JhCC)5237 | ||
| 040 |
_aBD-JhCC _dBD-JhCC |
||
| 041 | _aeng | ||
| 082 |
_a657 _bIZH 1990 |
||
| 100 | _aIzhar, Riad | ||
| 245 |
_aAccounting, Costing, and Management / _cRiad Izhar |
||
| 260 |
_aGreat Britain : _bOxford University press, _c1990. |
||
| 300 |
_a382 p. : _c24 cm. |
||
| 650 | _aCost accounting | ||
| 650 | _aAccounting | ||
| 650 | _aManagerial accounting | ||
| 942 |
_2ddc _cBK |
||